Regions of Italy - Statistics

General Stats
  • This quiz has been taken 34 times
  • The average score is 13 of 21
Answer Stats
Hint Answer % Correct
Roma Lazio
87%
Palermo Sicilia
83%
Venezia Veneto
77%
Napoli Campania
73%
Bologna Emilia Romagna
73%
Milano Lombardia
73%
Ancona Marche
73%
Firenze Toscana
73%
Catanzaro Calabria
67%
Genova Liguria
67%
Trieste Friuli Venezia Giulia
63%
Bari Puglia
63%
L'Aquila Abruzzo
60%
Perugia Umbria
60%
Potenza Basilicata
57%
Torino Piemonte
57%
Campobasso Molise
53%
Cagliari Sardegna
50%
Aosta Val d'Aosta
43%
Trento Provincia autonoma di Trento
33%
Bolzano Provincia autonoma di Bolzano
10%
No matching quizzes found
Score Distribution
Percent of People with Each Score
Percentile by Number Answered
Your Score History
You have not taken this quiz